ESTIMACIÓN DE LA CONCENTRACIÓN DE FONDO DE GASES PRESENTES EN EL VERTEDERO A CIELO ABIERTO DEL MUNICIPIO DE COBÁN, ALTA VERAPAZ Y SU IMPACTO AL MEDIO AMBIENTE/ (Registro nro. 2082)

Detalles MARC
000 -LEADER
campo de control de longitud fija 03218nam a22003377a 4500
001 - NÚMERO DE CONTROL
campo de control TIGAL 0008
003 - IDENTIFICADOR DE NÚMERO DE CONTROL
campo de control gtcocun
005 - FECHA Y HORA DE LA ÚLTIMA TRANSACCIÓN
campo de control 20250923170013.0
006 - CÓDIGOS DE INFORMACIÓN DE LONGITUD FIJA--CARACTERÍSTICAS DEL MATERIAL ADICIONAL
campo de control de longitud fija a||||gr|||| 00| 0
007 - CAMPO FIJO DE DESCRIPCIÓN FÍSICA--INFORMACIÓN GENERAL
campo de control de longitud fija ta
008 - DATOS DE LONGITUD FIJA--INFORMACIÓN GENERAL
campo de control de longitud fija 250923b2018 gt ||||| m||| 00| 0 eng d
040 ## - FUENTE DE CATALOGACIÓN
Centro catalogador/agencia de origen gtcocun
Lengua de catalogación SPA
Centro/agencia transcriptor gtcocun
Normas de descripción RDA
041 ## - CÓDIGO DE IDIOMA
Código de lengua del texto/banda sonora o título independiente SPA TIGAL 0008
084 ## - OTRO NÚMERO DE CLASIFICACIÓN
Número de control del registro de autoridad o número normalizado TIGAL 0008
100 ## - ENTRADA PRINCIPAL--NOMBRE DE PERSONA
Nombre de persona Ramírez Bá, Allan Antonio
Término indicativo de función/relación Autor
245 ## - MENCIÓN DEL TÍTULO
Título ESTIMACIÓN DE LA CONCENTRACIÓN DE FONDO DE GASES PRESENTES EN EL VERTEDERO A CIELO ABIERTO DEL MUNICIPIO DE COBÁN, ALTA VERAPAZ Y SU IMPACTO AL MEDIO AMBIENTE/
Mención de responsabilidad, etc. Allan Antonio Ramírez Bá.
Medio Impreso
264 ## - PRODUCCIÓN, PUBLICACIÓN, DISTRIBUCIÓN, FABRICACIÓN Y COPYRIGHT
Producción, publicación, distribución, fabricación y copyright Cobán, Alta Verapaz:
Nombre del de productor, editor, distribuidor, fabricante Universidad de San Carlos de Guatemala, Centro Universitario del Norte, Carrera de Ingeniería en Gestión Ambiental Local
Fecha de producción, publicación, distribución, fabricación o copyright 2018
300 ## - DESCRIPCIÓN FÍSICA
Extensión 139 p.:
Otras características físicas Ilustraciones, gráficas.
Dimensiones 28 cm;
300 ## - DESCRIPCIÓN FÍSICA
Dimensiones PDF
336 ## - TIPO DE CONTENIDO
Fuente rdacontenido
Término de tipo de contenido Texto
Código de tipo de contenido txt
337 ## - TIPO DE MEDIO
Fuente rdamedio
Nombre/término del tipo de medio Computadora
Código del tipo de medio n
338 ## - TIPO DE SOPORTE
Fuente rdasoporte
Nombre/término del tipo de soporte Código en línea
Código del tipo de soporte cr
502 ## - NOTA DE TESIS
identificador de la tesis TIGAL 0008
502 ## - NOTA DE TESIS
Nota de tesis Tesis de grado
Tipo de título Carrera de Ingeniería en Gestión Ambiental Local,
Nombre de la institución que otorga el título Universidad de San Carlos de Guatemala, Centro Universitario del Norte, Carrera de Ingeniería en Gestión Ambiental Local
Año de obtención del título 2018
Identificador de la tesis TIGAL 0008
520 14 - RESUMEN, ETC.
Sumario, etc. El presente estudio técnico denominado “Estimación de la Concentración<br/>de Fondo de Gases Presentes en el Vertedero a Cielo Abierto del Municipio de<br/>Cobán Alta Verapaz”, se encuentra integrado por la descripción de la realidad local<br/>en torno a la problemática que genera este sitio de disposición final de desechos<br/>sólidos específicamente al aire y las relaciones con efectos secundarios que<br/>puede generar en la salud de las personas.<br/><br/>La base del estudio, fue constituido por un monitoreo de concentración de<br/>gases y material particulado, luego se compararon las concentraciones con guías<br/>de calidad de aire de la Organización Mundial de Salud y los valores de la<br/>Conferencia Americana de los Higienistas Industriales, con el apoyo del<br/>Laboratorio Ecológico y Químico ECOQUIMSA. Cabe resaltar que el estudio<br/>posee una jerarquización de impactos con base a las distintas actividades que se<br/>realizan en el vertedero municipal mediante la matriz de evaluación de<br/>importancia.<br/><br/>En investigación se determinó que las condiciones atmosféricas del<br/>vertedero son insalubres para grupos sensibles por Material Particulado menor a<br/>2.5 micrómetros PM2.5 con base a las Guías de Cálida del Aire, GCA, y en función<br/>de ello se plantearon propuestas de mitigación para la reducción de los agentes<br/>precursores de este contaminante aéreo además de considerar la normativa legal<br/>que se relaciona en el ámbito del manejo integral de los residuos sólidos.
650 14 - PUNTO DE ACCESO ADICIONAL DE MATERIA--TÉRMINO DE MATERIA
Fuente del encabezamiento o término LEMB
Término de materia o nombre geográfico como elemento de entrada Cobán, Alta Verapaz
Subdivisión general Ingeniería en Gestión Ambiental Local
-- Desechos sólidos
-- Vertedero municipal
-- Monitoreo
-- Matriz de evaluación
-- Condiciones atmosféricas
700 ## - ENTRADA AGREGADA--NOMBRE PERSONAL
Nombre de persona Ing. Agr. M.A. Marcos Rafael Flores Delgado
Término indicativo de función/relación Asesor
856 ## - LOCALIZACIÓN Y ACCESO ELECTRÓNICOS
Identificador Uniforme de Recurso <a href="https://drive.google.com/file/d/1HSGg_DK8VcPPFnNeEtaJ95t9QKWZk-nx/view">https://drive.google.com/file/d/1HSGg_DK8VcPPFnNeEtaJ95t9QKWZk-nx/view</a>
Texto de enlace PDF
Nota pública Un ejemplar en línea.
942 ## - ELEMENTOS DE ENTRADA SECUNDARIOS (KOHA)
Fuente de la clasificación o esquema de estantería Clasificación Decimal Dewey
Tipo de ítem Koha TESIS
Parte de la signatura que identifica el ejemplar (Parte del ítem) TIGAL 0008
Prefijo de la signatura Clasificación
Suprimir en OPAC No
-- TIGAL_0008_000000000000000
Existencias
Estatus retirado Estado de pérdida Fuente de la clasificación o esquema de estantería Estado de daño No para préstamo Colección Biblioteca de origen Biblioteca actual Ubicación en estantería Fecha de adquisición Número de inventario Total de préstamos Signatura topográfica completa Código de barras Visto por última vez Precio de reemplazo Tipo de ítem Koha
    Clasificación Decimal Dewey     tesis BIBLIOTECA- CUNOR -JOSÉ LUIS GONZALES ROSALES BIBLIOTECA- CUNOR -JOSÉ LUIS GONZALES ROSALES Colección tesis 23/09/2025 TIGAL 0008   TIGAL 0008 TIGAL 0008 23/09/2025 23/09/2025 TESIS